| Record ID | marc_records_scriblio_net/part19.dat:163529525:1017 |
| Source | Scriblio |
| Download Link | /show-records/marc_records_scriblio_net/part19.dat:163529525:1017?format=raw |
LEADER: 01017nam 2200265 a 4500
001 87206125
003 DLC
005 19880718120709.1
008 871127s1987 it a c 00000 eng
010 $a 87206125
020 $a8870570703 (pbk.)
041 0 $aengita
043 $an-us-ca
050 0 $aNC998.5.C2$bP34 1987
082 0 $a741.6/09794/0740531$219
245 00 $aPacific wave :$bCalifornia graphic design /$ca cura di Giorgio Camuffo ; testi di April Greiman ... [et al. ; traduzioni, Massimo Giacometti, Rosalind Weaver].
260 0 $aUdine [Italy] :$bMagnus,$cc1987.
300 $a160 p. :$bcol. ill. ;$c29 cm.
500 $aEnglish and Italian; legends in English.
500 $aCatalogue of an exhibition held at the Museo Fortuny, Venice, Sept. 27-Dec. 27, 1987.
650 0 $aCommercial art$zCalifornia$xHistory$y20th century$xExhibitions.
650 0 $aVisual communication$xPsychological aspects$xExhibitions.
700 10 $aCamuffo, Giorgio.
700 10 $aGreiman, April.
710 20 $aMuseo Fortuny.